The noble scholar, jurist, historian


 His Excellency Dr. Abdul Wahhab bin Ibrahim Abu Sulaiman, may Allah have mercy on him.


 He was born in Umm Al-Qura in the year 1356 AH.

كتب الألغاز والأحاجي اللغوية وعلاقتها بأبواب النحو المختلفة / (Record no. 11333)

MARC details
000 -LEADER
fixed length control field 01025cam a22002651i 4500
003 - CONTROL NUMBER IDENTIFIER
control field SA-RiAUC
005 - DATE AND TIME OF LATEST TRANSACTION
control field 20250901080809.0
008 - FIXED-LENGTH DATA ELEMENTS--GENERAL INFORMATION
fixed length control field 250830s1988 ly g 00010 ara c
040 ## - CATALOGING SOURCE
Original cataloging agency SA-AhKFU
Language of cataloging ara
Transcribing agency SA-RiAUC
Description conventions rda
050 04 - LIBRARY OF CONGRESS CALL NUMBER
Item number . S53 1988
082 04 - DEWEY DECIMAL CLASSIFICATION NUMBER
Classification number 415.1
090 ## - LOCALLY ASSIGNED LC-TYPE CALL NUMBER (OCLC); LOCAL CALL NUMBER (RLIN)
Classification number (OCLC) (R) ; Classification number, CALL (RLIN) (NR) 415.1
Local cutter number (OCLC) ; Book number/undivided call number, CALL (RLIN) ش ي خ
100 1# - MAIN ENTRY--PERSONAL NAME
Personal name الشيخ، أحمد محمد
Relator term مؤلف.
245 10 - TITLE STATEMENT
Title كتب الألغاز والأحاجي اللغوية وعلاقتها بأبواب النحو المختلفة /
Statement of responsibility, etc. أحمد محمد الشيخ.
246 3# - VARYING FORM OF TITLE
Title proper/short title الألغاز والأحاجي اللغوية
250 ## - EDITION STATEMENT
Edition statement الطبعة الثانية.
264 #1 - PRODUCTION, PUBLICATION, DISTRIBUTION, MANUFACTURE, AND COPYRIGHT NOTICE
Place of production, publication, distribution, manufacture مصراته، ليبيا :
Name of producer, publisher, distributor, manufacturer الدار الجماهيرية،
Date of production, publication, distribution, manufacture, or copyright notice 1988
300 ## - PHYSICAL DESCRIPTION
Extent 687 صفحة ؛
Dimensions 24 سم
336 ## - CONTENT TYPE
Content type term نص
Content type code txt
Source rdacontent
Materials specified كتاب
337 ## - MEDIA TYPE
Media type term بدون وسيط
Media type code n
Source rdamedia
338 ## - CARRIER TYPE
Carrier type term مجلد
Carrier type code nc
Source rdacarrier
650 #7 - SUBJECT ADDED ENTRY--TOPICAL TERM
Topical term or geographic name entry element اللغة العربية
General subdivision نحو
Source of heading or term aucsh
942 ## - ADDED ENTRY ELEMENTS (KOHA)
Source of classification or shelving scheme Dewey Decimal Classification
Koha item type Books
Suppress in OPAC No
949 ## - LOCAL PROCESSING INFORMATION (OCLC)
a SA-JeALM
d 250830
u mohamedma123
n 1
Holdings
Withdrawn status Lost status Source of classification or shelving scheme Damaged status Not for loan Home library Current library Date acquired Total checkouts Full call number Barcode Date last seen Price effective from Koha item type
    Dewey Decimal Classification     DR AbdElwahab Library DR AbdElwahab Library 09/01/2025   415.1 ش ي خ 000018351 09/01/2025 09/01/2025 Books